000 00488nam a2200181Ia 4500
005 20250508153056.0
008 008 250505s9999 xx 000 0 hin d
037 _aTextual
040 _aFEDL
_beng
_cFEDL
041 _ahin
_2eng
084 _a491.3, NAR
_qFEDL
100 _aNagendra Nath
245 0 _aPrakrit bhashaon ka roop sarshan
260 _aLucknow, India
_bRama Prakashan
_c1962
300 _a242p
942 _cTEXL
_h491.3, NAR
999 _c1340546
_d1340546